Odun anatomisi : (Record no. 38244)
| 000 -BAŞLIK | |
|---|---|
| Sabit Uzunluktaki Kontrol Alanı | 01091nam a22003137a 4500 |
| 001 - KONTROL NUMARASI | |
| Control Dosyası | 0038407 |
| 003 - KONTROL NUMARASI KİMLİĞİ | |
| Kontrol Alanı | KOHA_MİRAKIL |
| 005 - EN SON İŞLEM TARİHİ ve ZAMANI | |
| Kontrol Alanı | 20260207003059.0 |
| 007 - FİZİKSEL TANIM SABİT ALAN - GENEL BİLGİ | |
| Sabit uzunluklu kontrol alanı | ta |
| 008 - SABİT UZUNLUKTAKİ VERİ ÖGELERİ - GENEL BİLGİ | |
| Sabit Alan | 190314b1998 xx a|||gr||||#0|||0|tur | |
| 020 ## - ISBN - ULUSLARARASI STANDART KİTAP NUMARASI | |
| Isbn | 9756983035 |
| 040 ## - KATALOGLAMA KAYNAĞI | |
| Özgün Kataloglama Kurumu | TR-BiSEU |
| Kataloglama Dili | tur |
| Çeviri Kurumu | TR-BiSEU |
| Açıklama Kuralları | rda |
| 041 0# - DİL KODU | |
| Metin ya da ses kaydının dil kodu | tur |
| 044 ## - YAYINLAYAN/ÜRETEN KURULUŞUN ÜLKE KODU | |
| ISO country code | tu |
| 050 ## - SINIFLAMA ve YER NUMARASI | |
| Sınıflama Numarası | SD536 |
| Yer Numarası | .M47 1998 |
| 100 1# - KİŞİ ADI | |
| Yazar Adı (Kişi adı) | Merev, Nesime. |
| 245 1# - ESER ADI BİLDİRİMİ | |
| Başlık | Odun anatomisi : |
| Alt Eseradı vb. | Doğu Karardeniz bölgesindeki doğal angiospermae taksonlarının odun atlası / |
| Sorumluluk Bildirimi | Nesime Merev ; Nesime Merev. |
| 264 #1 - ÜRERİM, YAYIN, DAĞITIM ve TELİF BİLDİRİMİ | |
| Yayın yeri | Trabzon : |
| Yayınlayan | Karadeniz Teknik Üniversitesi |
| Yayın tarihi | 1998 |
| 300 ## - FİZİKSEL TANIMLAMA | |
| Sayfa, Cilt vb. | 128 sayfa : |
| Diğer fiziki detaylar | resimli ; |
| Boyutları | 28 cm. |
| 336 ## - İÇERİK TÜRÜ | |
| Content type term | metin |
| Content type code | txt |
| Source | rdacontent |
| 337 ## - MEDYA TÜRÜ | |
| Media type term | aracısız |
| Media type code | n |
| Source | rdamedia |
| 338 ## - TAŞIYICI TÜRÜ | |
| Carrier type term | cilt |
| Carrier type code | nc |
| Source | rdacarrier |
| 490 1# - DİZİ BİLDİRİMİ | |
| Dizi Bildirimi | Karadeniz Teknik Üniversitesi Orman Fakültesi Genel Yayın No ; |
| Cilt Numarası | 190. |
| 490 1# - DİZİ BİLDİRİMİ | |
| Dizi Bildirimi | Fakülte Yayın No ; |
| Cilt Numarası | 28 |
| 650 #0 - KONU BAŞLIĞI EK GİRİŞ - KONU TERİMİ | |
| Konusal terim veya coğrafi ad | Odun--Anatomi. |
| 9 (RLIN) | 40857 |
| 830 1# - SERİ EK GİRİŞİ - TEKBİÇİM ESER ADI | |
| Tekbiçim Başlık | Karadeniz Teknik Üniversitesi Orman Fakültesi Genel Yayın No ; |
| Volume number/sequential designation | 190. |
| 9 (RLIN) | 71767 |
| 830 1# - SERİ EK GİRİŞİ - TEKBİÇİM ESER ADI | |
| Tekbiçim Başlık | Fakülte Yayın No ; |
| Volume number/sequential designation | 28 |
| 9 (RLIN) | 71768 |
| 942 ## - EK GİRİŞ ÖGELERİ (KOHA) | |
| Source of classification or shelving scheme | Library of Congress Classification |
| Koha item type | Book |
| Materyal Türü | Kalıcı Konum | Mevcut Konum | Raf Yeri | Sınıflandırma Kaynağı | Edinim Bilgisi | Ana Konular | Alt Konular | Yer Numarası | Cilt Bilgisi | Demirbaş Numarası | Fatura Tarihi | Geri Çekilme Durumu | Kayıp Durumu | Hasarlı Durumu | Kredi için değil | Kayıt Tarih | Toplam Ödünçverme | Son Görülme Tarihi | Son Kontrol Tarihi | Genel / Bağış Notu |
|---|---|---|---|---|---|---|---|---|---|---|---|---|---|---|---|---|---|---|---|---|
| Book | BŞEÜ Söğüt MYO Kütüphanesi | BŞEÜ Söğüt MYO Kütüphanesi | Library of Congress Classification | Bağış | TARIM | Ormancılık | SD536 .M47 1998 | c.2 | 0064715 | 02/02/2026 | 14/03/2019 | 04/03/2025 | 04/03/2025 | Genel Bağış | ||||||
| Book | Prof. Dr. Azmi Özcan Kütüphanesi | Prof. Dr. Azmi Özcan Kütüphanesi | Birûni Salonu | Library of Congress Classification | Bağış | TARIM | Ormancılık | SD536 .M47 1998 | c.2 | 0038407 | 02/02/2026 | 10/09/2012 | 05/12/2024 | 05/12/2024 | YÖK Tez Merkezi |
